Country Name Etymologies Click Quiz: C - Statistics

General Stats
  • This quiz has been taken 84 times
  • The average score is 12 of 15
Answer Stats
Hint Extra Hint Answer % Correct
Green cape Portuguese Cape Verde
100%
Cypress Greek Cyprus
100%
Land of the Czechs Czech Czech Republic
98%
Republic in the center of Africa French Central African Republic
96%
Land of Colombus Spanish Colombia
93%
Rich coast Spanish Costa Rica
93%
Land of the Kambojas Sanskrit Cambodia
89%
Qin kingdom Sanskrit China
89%
Village Iroquoian Canada
75%
Lake Kanuri Chad
68%
Cold Quechua Chile
68%
Moons Arabic Comoros
65%
Shrimp Portuguese Cameroon
56%
Abundant fertile land Spanish Cuba
49%
One who guards Latin Croatia
47%
No matching quizzes found
Score Distribution
Percent of People with Each Score
Percentile by Number Answered
Your Score History
You have not taken this quiz